000 01045nam a22002537a 4500
005 20170123162307.0
010 _aB-080756
020 _c95.00
_a8187667842
035 _aB-080756
037 _bCen Lib/Ret
040 _aDPL
_bUR
082 _a841.08
_bغ ا ل
100 _aمشکور حسین یاد
_9134368
245 _aغالب بو طیقا :
_cمشکور حسین یاد
_bاشعار غالِب کی تفهیم /
246 _aGhalib poetica /
_bby Mashkoor Hussain Yaad
260 _a دہلی
_bاىجوکىشنل پبلشنگ هاؤس
_c2003
270 _a٣٠١٨، گلی وکیل کوچہ پنڈت، لال کوان
_b دہلی
_e110006
300 _a199p.
_c21cm(Hb)
650 _a ادب - اردو
_9134369
650 _aغالب، مرزا اسد اللہ خان، - 1797-1869 - تنقید اور تشریح.
_9108105
650 _aLiterature -- Urdu
_9134370
650 _aGhalib, Mirza Asadullah Khan, -- 1797-1869 -- Criticism and interpretation.
_989779
942 _2ddc
_cUR
_h841.08
_mغ ا ل
999 _c106369
_d106369